LEADER 00989nam0 2200277 450 001 000006548 005 20060222103704.0 010 $a88-464-6564-4 100 $a20060222d2005----km-y0itay50------ba 101 0 $aita 102 $aIT 105 $aa-------001yy 200 1 $aRileggere l'ambiente. La centralità dei ruoli tecnici$e2. rapporto annuale sulla sicurezza in Italia 2005$fCensis 210 $aMilano$cFranco Angeli$dc2005 215 $a130 p.$cill.$d23 cm 225 2 $aVarie$v1105 300 $aIn testa al front.: Consiglio nazionale dei periti industriali e dei periti industriali laureati presso Ministero della Giustizia 410 0$12001$aVarie 610 1 $aAmbiente naturale$aTutela$aItalia 676 $a363.70945$v20 710 02$aCensis$09271 801 0$aIT$bUNIPARTHENOPE$c20060222$gRICA$2UNIMARC 912 $a000006548 951 $a363-R/2$b38261$cNAVA1$d2006 996 $aRileggere l'ambiente. La centralità dei ruoli tecnici$91205394 997 $aUNIPARTHENOPE